| 000 | 00495nam a2200181Ia 4500 | ||
|---|---|---|---|
| 008 | 221030s9999 xx 000 0 und d | ||
| 020 | _a8120312716 | ||
| 041 | _aEnglish | ||
| 082 |
_a105.23 _bMis |
||
| 100 | _aK. L. P. Mishra | ||
| 245 | 0 |
_aTheory of Computer Scinece ( Automata, Languages & Computation ) _cby K. L. P. Mishra, M. Chandersekaran |
|
| 250 | _a2nd | ||
| 260 |
_bPHI _aNew Delhi _c2002 |
||
| 300 | _a304 | ||
| 650 | _aBE Computer | ||
| 700 | _aM. Chandersekaran | ||
| 942 | _cBK | ||
| 999 |
_c8183 _d8183 |
||